Normal view
MARC view
- THE CHOICE:ISLAM AND CHRISTIANITY
Entry Topical Term
001 - CONTROL NUMBER
- control field: 78587
003 - CONTROL NUMBER IDENTIFIER
- control field: NUST
005 - DATE AND TIME OF LATEST TRANSACTION
- control field: 20210628210223.0
008 - FIXED-LENGTH DATA ELEMENTS
- fixed length control field: 210628|| aca||aabn | a|a d
040 ## - CATALOGING SOURCE
- Original cataloging agency: NUST
- Transcribing agency: NUST
150 ## - HEADING--TOPICAL TERM
- Topical term or geographic name entry element: THE CHOICE:ISLAM AND CHRISTIANITY
670 ## - SOURCE DATA FOUND
- Source citation: Work cat.: (NUST): Ahmed Deedat 78586, The choice:islam and christianity, 1993
